000 00330nam a2200133Ia 4500
008 240624s9999 xx 000 0 und d
041 _aeng
082 _a338.7 SIM
100 _aSIMON HERMANN
245 _aHIDDEN CHAMPIONS OF THE TWENTY FIRST CEN
260 _c2009
_aGermany
_bSpringer
300 _a402 : p.
365 _cERU
_b27
999 _c15542
_d15542